Statistics for Figure Skating Medal Table at All Winter Olympics

Click here to take the quiz!

General Stats

  • This quiz has been taken 250 times
    (92 since last reset)
  • The average score is 21 of 30

Answer Stats

RankCountryTotal Medals% Correct
3Russia26
100%
1USA54
100%
8Japan11
99%
2Canada29
96%
12China9
95%
6Great Britain15
95%
27West Germany2
94%
11Germany9
92%
23South Korea2
92%
7France14
89%
22Finland2
88%
30Spain1
88%
26Italy2
87%
13Norway6
87%
9Sweden10
87%
25Ukraine2
83%
21Switzerland3
81%
24Belgium2
74%
18Netherlands3
74%
5Austria20
71%
4Soviet Union24
64%
29Kazakhstan1
61%
15Hungary6
56%
10East Germany10
52%
17Czechoslovakia5
46%
14Russian Olympic Committee (ROC)6
18%
16Unified Team5
15%
19Olympic Athletes from Russia3
13%
28Russian Empire1
2%
20United Team of Germany3
1%

Score Distribution

Percentile by Number Answered

Percent of People with Each Score

Your Score History

You have not taken this quiz since the last reset